Модификация твердых углеродсодержащих электродов тозилатными солями арилдиазония методом вольтамперометрии; Современные проблемы химической науки и фармации

Bibliografiske detaljer
Parent link:Современные проблемы химической науки и фармации.— 2017.— [С. 200]
Hovedforfatter: Гусар А. О. Анна Олеговна
Institution som forfatter: Национальный исследовательский Томский политехнический университет (ТПУ) Институт природных ресурсов (ИПР) Кафедра физической и аналитической химии (ФАХ)
Andre forfattere: Дорожко Е. В. Елена Владимировна
Summary:Заглавие с экрана
Режим доступа: по договору с организацией-держателем ресурса
Sprog:russisk
Udgivet: 2017
Serier:Современные вопросы фармации и биологической активности веществ
Fag:
Online adgang:https://elibrary.ru/item.asp?id=32532708
Format: MixedMaterials Electronisk Book Chapter
KOHA link:https://koha.lib.tpu.ru/cgi-bin/koha/opac-detail.pl?biblionumber=657859

MARC

LEADER 00000naa0a2200000 4500
001 657859
005 20250624161410.0
035 |a (RuTPU)RU\TPU\network\24676 
035 |a RU\TPU\network\24641 
090 |a 657859 
100 |a 20180327d2017 k y0rusy50 ca 
101 0 |a rus 
102 |a RU 
135 |a drgn ---uucaa 
181 0 |a i  
182 0 |a b 
200 1 |a Модификация твердых углеродсодержащих электродов тозилатными солями арилдиазония методом вольтамперометрии  |f А. О. Гусар, Е. В. Дорожко 
203 |a Текст  |c электронный 
225 1 |a Современные вопросы фармации и биологической активности веществ 
300 |a Заглавие с экрана 
333 |a Режим доступа: по договору с организацией-держателем ресурса 
463 |t Современные проблемы химической науки и фармации  |o cборник материалов VI Всероссийской конференции c международным участием, к 50-летию Чувашского государственного университета им. И.Н. Ульянова, Чебоксары, 23-24 ноября 2017 г.  |f Чувашский государственный университет (ЧГУ) ; под ред. А. А. Григорьев ; под ред. О. Е. Насакин  |v [С. 200]  |d 2017 
610 1 |a электронный ресурс 
610 1 |a труды учёных ТПУ 
610 1 |a вольтамперометрия 
610 1 |a тозилатные соли арилдиазония 
610 1 |a модификация 
610 1 |a электроды 
700 1 |a Гусар  |b А. О.  |c химик  |c инженер Томского политехнического университета  |f 1992-  |g Анна Олеговна  |3 (RuTPU)RU\TPU\pers\41358 
701 1 |a Дорожко  |b Е. В.  |c химик  |c инженер Томского политехнического университета  |f 1979-  |g Елена Владимировна  |3 (RuTPU)RU\TPU\pers\27108  |9 12658 
712 0 2 |a Национальный исследовательский Томский политехнический университет (ТПУ)  |b Институт природных ресурсов (ИПР)  |b Кафедра физической и аналитической химии (ФАХ)  |3 (RuTPU)RU\TPU\col\18656 
801 0 |a RU  |b 63413507  |c 20181030  |g RCR 
850 |a 63413507 
856 4 |u https://elibrary.ru/item.asp?id=32532708 
942 |c CF